Sobre verdad y mentira en sentido extramoral / (Record no. 112798)

MARC details
000 -LEADER
campo de control de longitud fija 00941nam a2200253 4500
001 - NÚMERO DE CONTROL
campo de control 112798
003 - IDENTIFICADOR DE NÚMERO DE CONTROL
campo de control ES-MaACL
005 - FECHA Y HORA DE LA ÚLTIMA TRANSACCIÓN
campo de control 20230906185632.0
007 - CAMPO FIJO DE DESCRIPCIÓN FÍSICA--INFORMACIÓN GENERAL
campo de control de longitud fija t|
008 - DATOS DE LONGITUD FIJA--INFORMACIÓN GENERAL
campo de control de longitud fija 061121s1980 sp r ||||1| spa d
100 1# - ENTRADA PRINCIPAL--NOMBRE DE PERSONA
Nombre de persona Nietzsche, Friedrich,
Fechas asociadas al nombre 1844-1900
9 (RLIN) 85718
245 10 - MENCIÓN DEL TÍTULO
Título Sobre verdad y mentira en sentido extramoral /
Mención de responsabilidad, etc. [por] Friedrich Nietzsche. La voluntad de ilusión en Nietzsche / [por] Hans Vaihinger ; traducción de Luis Manuel Valdés y Teresa Orduña.
260 ## - PUBLICACIÓN, DISTRIBUCIÓN, ETC.
Lugar de publicación, distribución, etc. Valencia :
Nombre del editor, distribuidor, etc. Revista Teorema,
Fecha de publicación, distribución, etc. 1980.
300 ## - DESCRIPCIÓN FÍSICA
Extensión 60 p. ;
Dimensiones 19 cm.
490 1# - MENCIÓN DE SERIE
Mención de serie Cuadernos teorema
600 14 - PUNTO DE ACCESO ADICIONAL DE MATERIA--NOMBRE DE PERSONA
Nombre de persona Nietzsche, Friedrich,
Fechas asociadas al nombre 1844-1900-
Subdivisión general Crítica e interpretación
9 (RLIN) 85721
650 14 - PUNTO DE ACCESO ADICIONAL DE MATERIA--TÉRMINO DE MATERIA
Término de materia o nombre geográfico como elemento de entrada Verdad.
9 (RLIN) 17765
700 1# - ENTRADA AGREGADA--NOMBRE PERSONAL
Nombre de persona Vaihinger, Hans.
9 (RLIN) 112404
700 1# - ENTRADA AGREGADA--NOMBRE PERSONAL
Nombre de persona Valdés Villanueva, Luis M.
9 (RLIN) 112536
700 1# - ENTRADA AGREGADA--NOMBRE PERSONAL
Nombre de persona Orduña, Teresa.
9 (RLIN) 87211
830 0# - PUNTO DE ACCESO ADICIONAL DE SERIE-TÍTULO UNIFORME
Título uniforme Cuadernos teorema
9 (RLIN) 180999
852 ## - LOCALIZACIÓN
Ubicación ES-MaACL
Número de control de estantería A-10867
Sublocalización o colección R.99953
Holdings
Estatus retirado Estado de pérdida Estado de daño No para préstamo Biblioteca de origen Biblioteca actual Ubicación en estantería Fecha de adquisición Fuente de adquisición Total de préstamos Signatura topográfica completa Código de barras Visto por última vez Precio de reemplazo Tipo de ítem Koha
        Biblioteca del Ateneo de Madrid Biblioteca del Ateneo de Madrid Depósito 1 17/01/2008     A-10867 1117657 23/02/2023 23/02/2023 Libro impreso